Islamic banking system concepts & applications
| Main Author: | |
|---|---|
| Format: | Book |
| Published: |
Petaling Jaya :
Pelanduk Publications ,
1997
|
| Subjects: |
MARC
| LEADER | 00000cam a2200000 7i4500 | ||
|---|---|---|---|
| 001 | 0000020249 | ||
| 002 | 000021985 | ||
| 005 | 20000330.0 | ||
| 020 | |a 9679785998 | ||
| 090 | 0 | 0 | |a 297.19785 |b SUD |
| 100 | 0 | |a Sudin Haron | |
| 245 | 1 | 0 | |a Islamic banking system concepts & applications |c Sudin Haron |
| 260 | |a Petaling Jaya : |b Pelanduk Publications , |c 1997 | ||
| 300 | |a 194p. ; |c 16cm. | ||
| 650 | 0 | 0 | |a Banks and banking |z Islamic countries |
| 999 | |a 00070905 |b BUKU |c PINJAMAN |e PERPUSTAKAAN KOMUNITI PETALING JAYA | ||